| 000 | 00723nam a2200205 i 4500 | ||
|---|---|---|---|
| 001 | 78330 | ||
| 003 | ES-MaACL | ||
| 005 | 20230906173648.0 | ||
| 007 | t| | ||
| 008 | 041013s1973 sp ||||1| spa d | ||
| 100 | 1 |
_aHafez, E. Saad E. _961433 |
|
| 245 | 1 | 0 |
_aAdaptación de los animales domésticos / _cE. S. E. Hafez ; [traducción, Ramón Palazón, Ana Mª Palazón, Joaquín Palenzuela ; revisión, Mario Appendini]. |
| 260 |
_aBarcelona : _bLabor, _c[1973] |
||
| 300 |
_a563 p., 16 lám. : _bil. ; _c23 cm. |
||
| 700 | 1 |
_aPalazón, Ramón. _988516 |
|
| 700 | 1 |
_aPalazón, Ana María. _988514 |
|
| 700 | 1 |
_aPalenzuela, Joaquín. _988545 |
|
| 700 | 1 |
_aAppendini, Mario. _922113 |
|
| 852 |
_aES-MaACL _jC-51883 _bR.85761 |
||
| 999 |
_c78330 _d78330 |
||